10 Biggest Cities in Georgia(Country) - Statistics

General Stats
  • This quiz has been taken 17 times
  • The average score is 5 of 10
Answer Stats
Population (2014) City % Correct
204,156 Batumi
100%
1,184,282 Tbilisi
100%
147,635 Kutaisi
92%
48,143 Gori
69%
125,103 Rustavi
54%
42,998 Zugdidi
54%
41,465 Poti
46%
27,546 Kobuleti
23%
26,135 Khashuri
8%
25,318 Samtredia
0%
No matching quizzes found
Score Distribution
Percent of People with Each Score
Percentile by Number Answered
Your Score History
You have not taken this quiz